[Event "Mechanics' Mar TNM; 30/90, SD/30"]
[Site "San Francisco"]
[Date "2012.09.11"]
[Round "7.29"]
[White "Langrog, Alex"]
[Black "Lassiter, Willie"]
[Result "0-1"]
[WhiteElo "1347"]
[BlackElo "1387"]
[PlyCount "82"]
[EventDate "2012.??.??"]

1. e4 c5 2. Nf3 g6 3. d4 Bg7 4. Bc4 cxd4 5. Nxd4 Nc6 6. Nxc6 bxc6 7. Qf3 e6 8.
O-O Nf6 9. Nc3 d5 10. exd5 cxd5 11. Bb5+ Bd7 12. Bxd7+ Qxd7 13. Bg5 Qd8 14.
Rad1 O-O 15. Ne4 dxe4 16. Rxd8 exf3 17. Rxf8+ Kxf8 18. g3 Ne4 19. Bc1 Rb8 20.
c3 f5 21. Rd1 Ke7 22. Rd3 Rd8 23. Rxd8 Kxd8 24. Be3 a6 25. h4 Nd6 26. Kf1 Nc4
27. b3 Nxe3+ 28. fxe3 Bxc3 29. Kf2 e5 30. Kxf3 e4+ 31. Kf4 Be1 32. h5 Kd7 33.
hxg6 hxg6 34. g4 Ke6 35. Kg5 Bd2 36. gxf5+ gxf5 37. Kf4 Kf6 38. a3 a5 39. Kg3
Bxe3 40. b4 axb4 41. axb4 f4+ 0-1

[Event "Mechanics' Spring TNM; 30/90, SD/30"]
[Site "San Francisco"]
[Date "2012.05.01"]
[Round "8.25"]
[White "Langrog, Alex"]
[Black "Macintyre, Brendan"]
[Result "0-1"]
[WhiteElo "807"]
[BlackElo "1675"]
[PlyCount "48"]
[EventDate "2012.??.??"]

1. e4 c5 2. Nf3 Nc6 3. d4 cxd4 4. Nxd4 g6 5. Nc3 Bg7 6. Be3 Nf6 7. Bc4 e6 8.
Bb3 O-O 9. O-O d5 10. Nxc6 bxc6 11. e5 Nd7 12. f4 Ba6 13. Rf3 f6 14. Ne2 fxe5
15. Ng3 e4 16. Rf2 c5 17. Bxd5 exd5 18. Qxd5+ Rf7 19. Nxe4 Nf6 20. Nxf6+ Bxf6
21. Qxd8+ Rxd8 22. Bxc5 Bxb2 23. Rb1 Rd5 24. Bb4 Bd4 0-1

[Event "Mechanics' Mar TNM; 30/90, SD/30"]
[Site "San Francisco"]
[Date "2012.08.07"]
[Round "2.17"]
[White "Langrog, Alex"]
[Black "Mandrusov, George"]
[Result "0-1"]
[WhiteElo "1347"]
[BlackElo "2018"]
[PlyCount "65"]
[EventDate "2012.??.??"]

1. e4 e5 2. Nf3 Nc6 3. Bb5 a6 4. Ba4 Nf6 5. Nc3 d6 6. Bxc6+ bxc6 7. h3 Be7 8.
d4 exd4 9. Nxd4 Bd7 10. Be3 Rb8 11. Rb1 c5 12. Nf5 Bxf5 13. exf5 d5 14. Bg5 c6
15. O-O O-O 16. Re1 Rb7 17. Qd2 Qd7 18. Re5 Bd6 19. Bxf6 gxf6 20. Rbe1 Bxe5 21.
Rxe5 Re8 22. Rxe8+ Qxe8 23. Ne2 Qe5 24. Ng3 Rxb2 25. Qh6 Rb1+ 26. Kh2 Rb4 27.
Kh1 Rd4 28. Kh2 Rf4 29. Kh1 Rxf2 30. Qh4 Qf4 31. Qxf6 Qxg3 32. Qd8+ Kg7 33. f6+
0-1

[Event "Mechanics' Spring TNM; 30/90, SD/30"]
[Site "San Francisco"]
[Date "2012.04.24"]
[Round "7.19"]
[White "Langrog, Alex"]
[Black "Marshall, Johnathan"]
[Result "0-1"]
[WhiteElo "807"]
[BlackElo "1679"]
[PlyCount "48"]
[EventDate "2012.??.??"]

1. e4 d5 2. exd5 Nf6 3. Nc3 Nxd5 4. Nf3 Nxc3 5. bxc3 g6 6. Bc4 Bg7 7. O-O O-O
8. d4 c5 9. Bg5 Nc6 10. Re1 Re8 11. Qd2 cxd4 12. Qf4 Be6 13. Bxe6 fxe6 14. Rxe6
d3 15. Rd1 Qd5 16. Re2 e5 17. Rxd3 Qxd3 18. cxd3 exf4 19. Rc2 Rf8 20. Nh4 Rae8
21. Kf1 Re5 22. Nf3 Ref5 23. a4 a6 24. g4 fxg3 0-1

[Event "Mechanics' Spring TNM; 30/90, SD/30"]
[Site "San Francisco"]
[Date "2012.03.13"]
[Round "1.26"]
[White "Langrog, Alex"]
[Black "Royzen, Igor"]
[Result "0-1"]
[WhiteElo "807"]
[BlackElo "1849"]
[PlyCount "48"]
[EventDate "2012.??.??"]

1. e4 c5 2. Nf3 Nc6 3. d4 cxd4 4. Nxd4 g6 5. Nc3 Bg7 6. Be3 Nf6 7. Bc4 O-O 8.
O-O Nxe4 9. Nxe4 d5 10. Bb3 Nxd4 11. Bxd4 dxe4 12. Bxg7 Kxg7 13. Qxd8 Rxd8 14.
Rad1 Bg4 15. f3 exf3 16. h3 f2+ 17. Kxf2 Bxd1 18. Ke3 e6 19. Rf2 Rd6 20. Bc4 g5
21. Bd3 Bh5 22. Be4 Rd7 23. c4 Bg6 24. Bf3 Rad8 0-1

[Event "Mechanics' Mar TNM; 30/90, SD/30"]
[Site "San Francisco"]
[Date "2012.09.25"]
[Round "9.26"]
[White "Lassiter, Willie"]
[Black "Cole, Tony"]
[Result "0-1"]
[WhiteElo "1387"]
[BlackElo "1604"]
[PlyCount "59"]
[EventDate "2012.??.??"]

1. d4 d5 2. c4 Nf6 3. Nf3 Nc6 4. g3 Bf5 5. Bg2 e6 6. O-O h5 7. Nbd2 Be7 8. a3
Ne4 9. cxd5 exd5 10. Nxe4 dxe4 11. Ne5 Nxd4 12. e3 Ne6 13. Qa4+ c6 14. Bxe4 Nc5
15. Qc4 Be6 16. Qc2 Qc7 17. Nxc6 bxc6 18. Bg2 Bd7 19. Bd2 h4 20. Bb4 Qe5 21.
Bc3 Qg5 22. b4 Ne6 23. Rfd1 Rd8 24. Qa4 O-O 25. Qxa7 Bc8 26. Bxc6 hxg3 27. hxg3
Bd6 28. Kg2 Qg4 29. b5 Bc5 30. Qa5 {0-1 Lassiter,W-Cole,T/San Francisco 2012}
0-1

[Event "Mechanics' Mar TNM; 30/90, SD/30"]
[Site "San Francisco"]
[Date "2012.09.18"]
[Round "8.26"]
[White "Lassiter, Willie"]
[Black "Harmon, Fred"]
[Result "0-1"]
[WhiteElo "1387"]
[BlackElo "1808"]
[PlyCount "102"]
[EventDate "2012.??.??"]

1. d4 d5 2. c4 c6 3. Nf3 Nf6 4. g3 Nbd7 5. Qc2 e6 6. Bg2 Bb4+ 7. Bd2 Qa5 8.
Bxb4 Qxb4+ 9. Nbd2 O-O 10. O-O Qd6 11. Rac1 Rd8 12. cxd5 exd5 13. Rfe1 Re8 14.
e4 dxe4 15. Nxe4 Nxe4 16. Rxe4 Rxe4 17. Qxe4 Nf6 18. Qe2 Be6 19. a3 h6 20. b4
Bd5 21. Qb2 a6 22. Nh4 Bxg2 23. Nxg2 Rd8 24. Rd1 Nh7 25. Ne3 Ng5 26. Qe2 Qe6
27. h4 Ne4 28. Rd3 Re8 29. d5 cxd5 30. Nxd5 Qe5 31. Nf4 Qa1+ 32. Qd1 Qb2 33.
Qe2 Qc1+ 34. Qd1 Rc8 35. Rd8+ Kh7 36. Qxc1 Rxc1+ 37. Kg2 Rc3 38. Rd7 Rxa3 39.
Rxb7 Ra2 40. Kf3 f5 41. Nd3 Ra3 42. Ke3 Nxf2 43. Kxf2 Rxd3 44. h5 Rb3 45. Ra7
Rxb4 46. Rxa6 Rg4 47. Kf3 Rg5 48. Kf4 Rxh5 49. g4 fxg4 50. Kxg4 Rg5+ 51. Kf4
Rg1 0-1

[Event "Mechanics' Mar TNM; 30/90, SD/30"]
[Site "San Francisco"]
[Date "2012.08.21"]
[Round "4.32"]
[White "Lassiter, Willie"]
[Black "Hilliard, Michael"]
[Result "0-1"]
[WhiteElo "1387"]
[BlackElo "1494"]
[PlyCount "57"]
[EventDate "2012.??.??"]

1. d4 d5 2. c4 e6 3. Nf3 c5 4. cxd5 exd5 5. g3 Nf6 6. Bg2 Nc6 7. O-O Bf5 8. Nc3
Be7 9. e3 O-O 10. b3 Nb4 11. Ba3 Nc2 12. Bxc5 Nxa1 13. Qxa1 b6 14. Bxe7 Qxe7
15. Re1 Ne4 16. Nxd5 Qd6 17. Nf4 Rac8 18. Nh4 g6 19. Nxf5 gxf5 20. Rc1 Rc7 21.
Rxc7 Qxc7 22. Qd1 Rc8 23. Nd3 Qc2 24. Qxc2 Rxc2 25. Bh3 Nd6 26. Nb4 Rc1+ 27.
Kg2 Kg7 28. Kf3 Kg6 29. Ke2 0-1

[Event "Mechanics' Mar TNM; 30/90, SD/30"]
[Site "San Francisco"]
[Date "2012.07.31"]
[Round "1.15"]
[White "Lassiter, Willie"]
[Black "Morton, Adam"]
[Result "0-1"]
[WhiteElo "1387"]
[BlackElo "1891"]
[PlyCount "106"]
[EventDate "2012.??.??"]

1. d4 d5 2. c4 c6 3. Nf3 Nf6 4. g3 e6 5. Bg2 Bd6 6. Qc2 Nbd7 7. O-O O-O 8. Nbd2
Re8 9. e4 Nxe4 10. Nxe4 dxe4 11. Qxe4 Nf6 12. Qd3 Qc7 13. Bg5 Nd7 14. Rfe1 h6
15. Bc1 b6 16. d5 Nc5 17. Qc2 cxd5 18. cxd5 e5 19. Nd4 Bd7 20. Nc6 a5 21. b3
Rac8 22. Bb2 Na6 23. Rac1 Nb8 24. Qe4 f5 25. Qc4 Nxc6 26. dxc6+ Be6 27. Qa6 Bf7
28. Qb7 e4 29. Qxc7 Bxc7 30. Bf1 Rcd8 31. Red1 a4 32. Bc4 Bxc4 33. bxc4 Kf7 34.
Rd7+ Rxd7 35. cxd7 Rd8 36. Rd1 g6 37. Rd5 Ke6 38. Bg7 h5 39. Bh6 Rxd7 40. Rxd7
Kxd7 41. Kg2 Kc6 42. f3 exf3+ 43. Kxf3 Kc5 44. Bf4 Bd8 45. h4 Kxc4 46. Bd6 Kd5
47. Bb4 Bc7 48. a3 b5 49. g4 Bd6 50. gxf5 Bxb4 51. fxg6 Bc3 52. Kf4 b4 53. axb4
a3 0-1

[Event "Mechanics' Mar TNM; 30/90, SD/30"]
[Site "San Francisco"]
[Date "2012.08.14"]
[Round "3.29"]
[White "Lassiter, Willie"]
[Black "Ryaboy, Vadim"]
[Result "0-1"]
[WhiteElo "1387"]
[BlackElo "1781"]
[PlyCount "42"]
[EventDate "2012.??.??"]

1. d4 d5 2. c4 c6 3. Nf3 Nf6 4. g3 Bf5 5. Bg2 dxc4 6. Nbd2 b5 7. O-O e6 8. a4
Qb6 9. e3 Bd3 10. Re1 Nd5 11. Ne5 f6 12. Nxd3 cxd3 13. Qb3 bxa4 14. Qxa4 Nb4
15. Rf1 N8a6 16. Qd1 Nc2 17. Rb1 Kf7 18. Qh5+ g6 19. Qf3 Nab4 20. Nc4 Qa6 21.
Bd2 Qxc4 0-1

[Event "Mechanics' Summer TNM; 30/90, SD/30"]
[Site "San Francisco"]
[Date "2012.05.22"]
[Round "1.5"]
[White "Lavin, Michael"]
[Black "Traub, Igor"]
[Result "0-1"]
[WhiteElo "1701"]
[BlackElo "2135"]
[Annotator "Donaldson"]
[PlyCount "20"]
[EventDate "2012.??.??"]

1. e4 d5 2. exd5 Nf6 3. d4 Nxd5 4. Nf3 g6 5. Be2 Bg7 6. O-O O-O 7. c4 Nb6 8.
Nc3 Nc6 9. Bf4 Nxd4 10. Nxd4 Bxd4 {A premature resignation by White, to say
the least. He did blunder a pawn, but after 11.Nb5 he would have some
compensation for it.} 0-1

[Event "Mechanics' Spring TNM; 30/90, SD/30"]
[Site "San Francisco"]
[Date "2012.03.13"]
[Round "1.22"]
[White "Lazaro, Fernando"]
[Black "Afkam-Ebrahim, Payam"]
[Result "0-1"]
[WhiteElo "1300"]
[BlackElo "1886"]
[PlyCount "52"]
[EventDate "2012.??.??"]

1. e4 d5 2. e5 Bf5 3. Nf3 e6 4. d3 c5 5. h3 Nc6 6. Be2 Qc7 7. O-O Nxe5 8. Nh4
Bg6 9. Nc3 a6 10. Bd2 Bd6 11. f4 Nc6 12. f5 exf5 13. Nxf5 Bxf5 14. Rxf5 Nge7
15. Nxd5 Nxd5 16. Rxd5 O-O 17. Rf5 Nd4 18. Rf1 Rae8 19. Bf3 Re7 20. c3 Nf5 21.
Be1 Rfe8 22. Be4 Ne3 23. Qd2 Bh2+ 24. Kh1 Nxf1 25. Bh4 Ng3+ 26. Kxh2 Nxe4+ 0-1

[Event "Mechanics' Fall TNM; 30/90, SD/30"]
[Site "San Francisco"]
[Date "2012.11.13"]
[Round "5.25"]
[White "Lazaro, Fernando"]
[Black "Agdamag, Samuel"]
[Result "0-1"]
[WhiteElo "1266"]
[BlackElo "1413"]
[Annotator "Donaldson"]
[PlyCount "56"]
[EventDate "2012.??.??"]

1. e4 c5 2. Nf3 a6 3. c3 d6 4. d4 cxd4 5. cxd4 e6 6. Nc3 Nc6 7. Bd3 Bd7 8. Bg5
Nge7 9. O-O h6 10. Bf4 Ng6 11. Be3 Be7 12. d5 Nce5 13. Bc2 exd5 14. Nxd5 Bg4 $2
(14... O-O) 15. Bb6 Qc8 16. Nc7+ $2 (16. Ba4+ $1 Kf8 17. Rc1 $18) 16... Kf8 17.
Nxa8 $2 Qxa8 $2 (17... Bxf3 18. gxf3 Qh3 $19) 18. Bd4 Qc8 19. Rc1 $2 (19. Bxe5
Nxe5 20. Bd3 Bxf3 21. gxf3 Bg5 (21... Qh3 22. Be2 Bg5) 22. Be2 Bf4 23. Qxd6+
Kg8 24. Kg2 Ng6) 19... Bxf3 20. gxf3 Qh3 $19 21. Bxe5 Nxe5 22. Qe2 Nxf3+ 23.
Qxf3 Qxf3 24. Ba4 g6 25. Rc8+ Kg7 26. Rxh8 Kxh8 27. Re1 Bh4 28. Rf1 Qg4+ 0-1

[Event "Mechanics' Summer TNM; 30/90, SD/30"]
[Site "San Francisco"]
[Date "2012.06.12"]
[Round "4.24"]
[White "Lazaro, Fernando"]
[Black "Campers, Willie"]
[Result "0-1"]
[WhiteElo "1254"]
[BlackElo "1660"]
[PlyCount "58"]
[EventDate "2012.??.??"]

1. e4 e6 2. Nf3 d5 3. e5 c5 4. c3 Nc6 5. Be2 Qb6 6. O-O Nge7 7. d3 Ng6 8. Na3
Ngxe5 9. Nc2 Bd6 10. Rb1 a5 11. Be3 Bc7 12. Nxe5 Nxe5 13. d4 cxd4 14. Bxd4 Qd6
15. g3 O-O 16. Re1 Ng6 17. Bh5 f6 18. Bxg6 hxg6 19. Qg4 e5 20. Qxg6 exd4 21.
Nxd4 Bb6 22. Nf3 Bd7 23. Nh4 Qc5 24. Qc2 d4 25. Ng6 Rf7 26. c4 Bf5 27. Re4 Bxg6
28. Re8+ Rxe8 29. Qxg6 d3 0-1

[Event "Mechanics' Fall TNM; 30/90, SD/30"]
[Site "San Francisco"]
[Date "2012.11.20"]
[Round "6.27"]
[White "Lazaro, Fernando"]
[Black "Godfrey, Benjamin"]
[Result "0-1"]
[WhiteElo "1266"]
[BlackElo "1072"]
[PlyCount "30"]
[EventDate "2012.??.??"]

1. e4 d5 2. e5 e6 3. d4 c5 4. c3 Nc6 5. Nf3 Qb6 6. b3 cxd4 7. cxd4 Nge7 8. Be2
Nf5 9. Be3 Bb4+ 10. Kf1 O-O 11. g4 Nxe3+ 12. fxe3 f6 13. Qd3 fxe5 14. dxe5 Nxe5
15. Qd1 Nxg4 0-1

[Event "Mechanics' Mar TNM; 30/90, SD/30"]
[Site "San Francisco"]
[Date "2012.07.31"]
[Round "1.21"]
[White "Lazaro, Fernando"]
[Black "Harmon, Frederick"]
[Result "0-1"]
[WhiteElo "1254"]
[BlackElo "1819"]
[PlyCount "98"]
[EventDate "2012.??.??"]

1. e4 e5 2. g3 Nc6 3. Bg2 Bc5 4. Nf3 Nf6 5. d3 O-O 6. O-O d6 7. Nc3 a6 8. Be3
Bxe3 9. fxe3 Bg4 10. h3 Be6 11. Kh2 h6 12. Ne2 Ne7 13. c4 c5 14. Nc3 Bd7 15.
Nd5 Nfxd5 16. exd5 Nf5 17. Qd2 b5 18. e4 Nd4 19. Nxd4 cxd4 20. b4 bxc4 21. dxc4
Qb6 22. a4 Rab8 23. Rfb1 f5 24. a5 Qc7 25. Qd3 f4 26. g4 g5 27. b5 Bc8 28. b6
Qc5 29. Bf3 Bd7 30. Rc1 Rfc8 31. Qa3 Qxa3 32. Rxa3 Rc5 33. Be2 Kg7 34. Kg2 Rb7
35. Kf2 Be8 36. Rc2 h5 37. Rb2 hxg4 38. hxg4 Kf8 39. Rbb3 Bg6 40. Bd3 Ke7 41.
Kf3 Kd8 42. Kf2 Kc8 43. Kf3 Rh7 44. Kg2 Kb7 45. Rb1 Rxc4 46. Rh1 Rxh1 47. Kxh1
Rc1+ 48. Kg2 Rd1 49. Rb3 Rxd3 0-1

[Event "Mechanics' Summer TNM; 30/90, SD/30"]
[Site "San Francisco"]
[Date "2012.06.19"]
[Round "5.27"]
[White "Lazaro, Fernando"]
[Black "Hilliard, Michael"]
[Result "1-0"]
[WhiteElo "1254"]
[BlackElo "1511"]
[PlyCount "45"]
[EventDate "2012.??.??"]

1. e4 c6 2. Nf3 d5 3. e5 Bg4 4. d4 Nd7 5. Be2 e6 6. h3 Bxf3 7. Bxf3 c5 8. c3
cxd4 9. cxd4 Bb4+ 10. Nc3 Ne7 11. O-O O-O 12. Qb3 Qb6 13. Be3 Nf5 14. Na4 Nxd4
15. Nxb6 Nxb3 16. Nxd7 Rfd8 17. axb3 Rxd7 18. Rxa7 Rc8 19. Rfa1 d4 20. Bf4 d3
21. Rxb7 Rxb7 22. Bxb7 d2 23. Bxc8 1-0

[Event "Mechanics' Mar TNM; 30/90, SD/30"]
[Site "San Francisco"]
[Date "2012.09.11"]
[Round "7.28"]
[White "Lazaro, Fernando"]
[Black "Hilliard, Michael"]
[Result "1-0"]
[WhiteElo "1254"]
[BlackElo "1494"]
[PlyCount "57"]
[EventDate "2012.??.??"]

1. e4 c6 2. Nf3 d5 3. e5 Bf5 4. d3 g6 5. h3 Bg7 6. Be2 Nd7 7. d4 Qb6 8. Nc3 c5
9. Nxd5 Qd8 10. c3 Be6 11. Nf4 cxd4 12. Nxe6 fxe6 13. cxd4 Qc7 14. Ng5 Qc6 15.
Bf3 Qb6 16. O-O O-O-O 17. Nf7 Kb8 18. Nxh8 Bxh8 19. Qb3 Bg7 20. Qxb6 Nxb6 21.
b3 Rxd4 22. Be3 Rb4 23. Bxb6 Rxb6 24. Rad1 Kc7 25. Rc1+ Rc6 26. Rxc6+ bxc6 27.
Rc1 Bxe5 28. Rxc6+ Kd7 29. Ra6 1-0

[Event "Mechanics' Spring TNM; 30/90, SD/30"]
[Site "San Francisco"]
[Date "2012.05.01"]
[Round "8.29"]
[White "Lazaro, Fernando"]
[Black "James, Charles"]
[Result "0-1"]
[WhiteElo "1300"]
[BlackElo "1476"]
[PlyCount "42"]
[EventDate "2012.??.??"]

1. e4 e6 2. Nf3 d5 3. e5 c5 4. c3 Nc6 5. d4 Bd7 6. Be2 Qb6 7. O-O Nh6 8. a4 c4
9. Nbd2 Be7 10. b3 cxb3 11. Qxb3 Qc7 12. Rb1 Na5 13. Qc2 a6 14. h3 Rc8 15. Bb2
O-O 16. Rbc1 b5 17. axb5 Bxb5 18. Bxb5 axb5 19. Qd3 Nc4 20. Qc2 f6 21. Rce1 f5
{Remaining moves illegible} 0-1

[Event "Mechanics' Mar TNM; 30/90, SD/30"]
[Site "San Francisco"]
[Date "2012.08.14"]
[Round "3.32"]
[White "Lazaro, Fernando"]
[Black "James, Charles"]
[Result "1/2-1/2"]
[WhiteElo "1254"]
[BlackElo "1482"]
[PlyCount "25"]
[EventDate "2012.??.??"]

1. b3 e5 2. Bb2 Nc6 3. e4 Bc5 4. Nf3 d6 5. h3 Nf6 6. d3 O-O 7. Be2 Re8 8. O-O
h6 9. Nbd2 Be6 10. Nh2 Qd7 11. Ng4 Nxg4 12. Bxg4 Bxg4 13. Qxg4 {
remaining moves illegible.} 1/2-1/2

[Event "Mechanics' Fall TNM; 30/90, SD/30"]
[Site "San Francisco"]
[Date "2012.12.04"]
[Round "8.24"]
[White "Lazaro, Fernando"]
[Black "Mar, Henry"]
[Result "0-1"]
[WhiteElo "1266"]
[BlackElo "1509"]
[PlyCount "57"]
[EventDate "2012.??.??"]

1. g3 c6 2. Bg2 Nf6 3. d3 d5 4. h3 g6 5. Nf3 Bg7 6. c3 O-O 7. Bd2 Re8 8. O-O e5
9. e3 b6 10. Re1 Ba6 11. Qc2 e4 12. Ng5 Bxd3 13. Qb3 Qd7 14. h4 h6 15. Nh3 Na6
16. Nf4 Nc5 17. Qd1 h5 18. Nxd3 Nxd3 19. Re2 Nxb2 20. Qc2 Nd3 21. Na3 b5 22.
Rd1 c5 23. c4 b4 24. Nb1 Rad8 25. Bc1 Qc6 26. Red2 Bh6 27. Rxd3 exd3 28. Rxd3
Qb6 29. Bb2 {remainder illegible. W lost on time in 41.} 0-1

[Event "Mechanics' Summer TNM; 30/90, SD/30"]
[Site "San Francisco"]
[Date "2012.07.03"]
[Round "7.26"]
[White "Lazaro, Fernando"]
[Black "Matsuda, Leo"]
[Result "0-1"]
[WhiteElo "1254"]
[BlackElo "1814"]
[PlyCount "25"]
[EventDate "2012.??.??"]

1. e4 e5 2. Nf3 Nc6 3. Bb5 a6 4. Bxc6 dxc6 5. O-O Bd6 6. Nc3 Bg4 7. h3 Bh5 8.
g4 Bg6 9. d3 Qd7 10. b3 O-O-O 11. Be3 h5 12. Nh2 hxg4 13. Qxg4 {
remainder illegible} 0-1

[Event "Mechanics' Spring TNM; 30/90, SD/30"]
[Site "San Francisco"]
[Date "2012.04.03"]
[Round "4.30"]
[White "Lazaro, Fernando"]
[Black "Olson, David"]
[Result "1/2-1/2"]
[WhiteElo "1300"]
[BlackElo "1400"]
[PlyCount "69"]
[EventDate "2012.??.??"]

1. d4 d5 2. h3 c5 3. c3 Nf6 4. Nf3 Nc6 5. e3 Bf5 6. Bd3 Ne4 7. Nh4 e6 8. Nxf5
exf5 9. O-O c4 10. Be2 Bd6 11. Nd2 Qh4 12. Nf3 Qh6 13. b4 O-O 14. Qc2 b5 15.
Bd2 Ne7 16. Ne5 Rad8 17. a4 f6 18. Nf3 bxa4 19. Rxa4 Bb8 20. Rfa1 g5 21. Be1 g4
22. Nh2 gxh3 23. g3 Rf7 24. Bf3 Rg7 25. Bxe4 fxe4 26. Rxa7 Nf5 27. Rxg7+ Qxg7
28. Qe2 Kh8 29. Ra8 Rg8 30. Kh1 Nh4 31. Qh5 Ng2 32. Bd2 Qd7 33. Qh6 Qe6 34. Nf1
Qf5 35. Kg1 1/2-1/2

[Event "Mechanics' Fall TNM; 30/90, SD/30"]
[Site "San Francisco"]
[Date "2012.10.23"]
[Round "2.23"]
[White "Lazaro, Fernando"]
[Black "Shi, Jaysen"]
[Result "0-1"]
[WhiteElo "1266"]
[BlackElo "1658"]
[PlyCount "44"]
[EventDate "2012.??.??"]

1. e4 e6 2. Nf3 d5 3. e5 c5 4. c3 Nc6 5. d3 Nh6 6. Bxh6 gxh6 7. Nbd2 Bg7 8. Qe2
Qc7 9. O-O-O Nxe5 10. Nxe5 Bxe5 11. Nf3 Bg7 12. d4 c4 13. h4 a5 14. g4 a4 15.
a3 Qf4+ 16. Nd2 e5 17. dxe5 Bxg4 18. f3 Bf5 19. Bh3 Bxh3 20. Rxh3 Ra6 21. Kb1
$4 Qf5+ 22. Ka1 Qxh3 0-1

[Event "Mechanics' Spring TNM; 30/90, SD/30"]
[Site "San Francisco"]
[Date "2012.04.24"]
[Round "7.28"]
[White "Lazaro, Fernando"]
[Black "Starr, Albert"]
[Result "0-1"]
[WhiteElo "1300"]
[BlackElo "1473"]
[PlyCount "64"]
[EventDate "2012.??.??"]

1. e4 e5 2. Bc4 Nf6 3. d3 Be7 4. Nf3 d6 5. h3 Be6 6. Bxe6 fxe6 7. O-O Nbd7 8.
Nc3 c6 9. Ng5 Nc5 10. b4 h6 11. bxc5 hxg5 12. cxd6 Qxd6 13. Bxg5 O-O-O 14. Bxf6
gxf6 15. Ne2 Rdg8 16. Ng3 Qd7 17. Qf3 Rg5 18. Qe3 f5 19. Qxa7 Bd6 20. Qa8+ Bb8
21. Kh2 Qg7 22. Qa3 f4 23. Rg1 fxg3+ 24. fxg3 Rxg3 25. Raf1 Rg8 26. Rf2 Bc7 27.
Qa8+ Kd7 28. Qa3 b6 29. Qc3 Bd6 30. d4 exd4 31. Qd2 Rxg2+ 32. Kh1 Rxg1# 0-1

[Event "Mechanics' Summer TNM; 30/90, SD/30"]
[Site "San Francisco"]
[Date "2012.05.22"]
[Round "1.26"]
[White "Lazaro, Fernando"]
[Black "Stearman, Micah"]
[Result "1-0"]
[WhiteElo "1254"]
[BlackElo "807"]
[PlyCount "47"]
[EventDate "2012.??.??"]

1. e4 b6 2. Nf3 g6 3. Bc4 Bg7 4. d4 d6 5. h3 Nf6 6. O-O O-O 7. Nc3 Nbd7 8. Bd2
e5 9. d5 Bb7 10. Re1 c6 11. Qc1 cxd5 12. Nxd5 Nc5 13. Nxf6+ Bxf6 14. Bd3 Nxd3
15. cxd3 Qd7 16. Bg5 Bg7 17. Bh6 Rac8 18. Qd2 d5 19. Bxg7 Kxg7 20. Qg5 dxe4 21.
dxe4 Kg8 22. Qh6 Qe6 23. Ng5 Qf6 24. Qxh7# 1-0

[Event "Mechanics' Spring TNM; 30/90, SD/30"]
[Site "San Francisco"]
[Date "2012.05.01"]
[Round "8.20"]
[White "Ledford, Steven"]
[Black "Allen, Tom"]
[Result "1-0"]
[WhiteElo "1944"]
[BlackElo "1521"]
[PlyCount "111"]
[EventDate "2012.??.??"]

1. e4 e5 2. Nf3 Nc6 3. Bb5 f5 4. exf5 e4 5. Bxc6 dxc6 6. Ne5 Nf6 7. d4 exd3 8.
Qxd3 Qxd3 9. Nxd3 Bxf5 10. O-O Bd6 11. Be3 O-O 12. Nd2 Ng4 13. h3 Nxe3 14. fxe3
b5 15. e4 Bg6 16. Rae1 Rae8 17. c3 c5 18. b3 a5 19. c4 Rxf1+ 20. Kxf1 c6 21.
Re3 Be5 22. Nxe5 Rxe5 23. Ke2 Kf7 24. Rf3+ Ke7 25. Ke3 b4 26. Rf4 Ke8 27. g4 h6
28. Nf3 Re6 29. h4 Rf6 30. Ne5 Re6 31. Nd3 Re7 32. Nxc5 Bf7 33. Kd4 Be6 34.
Nxe6 Rxe6 35. Rf5 Rd6+ 36. Kc5 Rd2 37. Kxc6 Rxa2 38. c5 a4 39. bxa4 b3 40. Rf3
Ra3 41. Rf1 Rxa4 42. Rb1 Rxe4 43. Rxb3 Rxg4 44. Kc7 Rc4 45. c6 g5 46. Re3+ Kf7
47. Kd7 Rd4+ 48. Kc8 Rxh4 49. c7 h5 50. Rb3 Re4 51. Kd7 Rd4+ 52. Kc6 Rc4+ 53.
Kb7 h4 54. c8=Q Rxc8 55. Kxc8 g4 56. Rb4 1-0

[Event "Mechanics' Winter TNM; 30/90, SD/30"]
[Site "San Francisco"]
[Date "2012.01.24"]
[Round "4.8"]
[White "Ledford, Steven"]
[Black "Askin, Michael"]
[Result "0-1"]
[WhiteElo "1957"]
[BlackElo "1811"]
[PlyCount "36"]
[EventDate "2012.??.??"]

1. c4 Nf6 2. Nf3 g6 3. Nc3 d5 4. d4 Bg7 5. cxd5 Nxd5 6. e4 Nxc3 7. bxc3 O-O 8.
h3 c5 9. Be2 Nc6 10. Be3 Qa5 11. Qd2 cxd4 12. cxd4 Qxd2+ 13. Kxd2 Rd8 14. Rab1
Nxd4 15. Nxd4 e5 16. Rhd1 exd4 17. Ke1 Be6 18. Bxd4 Rxd4 0-1

[Event "Mechanics' Winter TNM; 30/90, SD/30"]
[Site "San Francisco"]
[Date "2012.02.07"]
[Round "6.16"]
[White "Ledford, Steven"]
[Black "Donnelly, Patrick"]
[Result "1-0"]
[WhiteElo "1957"]
[BlackElo "1556"]
[PlyCount "95"]
[EventDate "2012.??.??"]

1. c4 e5 2. Nc3 Nf6 3. Nf3 Nc6 4. e4 Bb4 5. d3 d6 6. h3 O-O 7. Be3 Be6 8. Be2
Qd7 9. O-O Ne7 10. Ng5 Ng6 11. Nxe6 fxe6 12. a3 Bxc3 13. bxc3 d5 14. cxd5 exd5
15. Qb3 Kh8 16. exd5 Qxd5 17. c4 Qd7 18. Qxb7 Rfb8 19. Qf3 Nh4 20. Qg3 Ng6 21.
Bf3 c6 22. Rab1 Qxd3 23. Rbd1 Qxc4 24. Rc1 Qa2 25. Bxc6 Qxa3 26. Bxa8 Rxa8 27.
Qf3 e4 28. Qf5 Ne7 29. Qe6 Ned5 30. Bg5 a5 31. Rc8+ Rxc8 32. Qxc8+ Ng8 33. Qb7
Qc5 34. Rc1 Nc3 35. Qb2 Ne2+ 36. Qxe2 Qxg5 37. Rc4 h6 38. Qxe4 Qf6 39. Ra4 Qc3
40. Qe3 Qc7 41. Qd2 Nf6 42. Rxa5 Ne4 43. Ra8+ Kh7 44. Qb2 Qc6 45. Ra7 Nf6 46.
Qb1+ Kh8 47. Rb7 Nd5 48. Rb8+ 1-0

[Event "Mechanics' Winter TNM; 30/90, SD/30"]
[Site "San Francisco"]
[Date "2012.02.21"]
[Round "8.13"]
[White "Ledford, Steven"]
[Black "Harris, John"]
[Result "1/2-1/2"]
[WhiteElo "1957"]
[BlackElo "1737"]
[PlyCount "90"]
[EventDate "2012.??.??"]

1. c4 d5 2. cxd5 Nf6 3. e4 c6 4. dxc6 Nxc6 5. Nc3 e5 6. Bb5 Bc5 7. h3 O-O 8.
Nf3 Nd4 9. Be2 b5 10. d3 Nxf3+ 11. Bxf3 Qb6 12. O-O Bb7 13. Qb3 a6 14. Nd1 Rfd8
15. Be3 Nd7 16. Be2 Bd4 17. Bxd4 Qxd4 18. Ne3 Nc5 19. Qc2 Nxd3 20. Nd5 Bxd5 21.
Bxd3 Rac8 22. Qe2 Bc4 23. Bxc4 Qxc4 24. Qe3 Qd4 25. Qa3 Qb6 26. Rfd1 h6 27.
Rxd8+ Rxd8 28. Rc1 Qd6 29. Qc3 Kf8 30. b4 Ke7 31. Rc2 Rd7 32. g3 Qd4 33. Qc5+
Qxc5 34. bxc5 Rd4 35. Rc3 Rxe4 36. c6 Kd8 37. Rd3+ Rd4 38. Ra3 Ra4 39. Re3 f6
40. a3 Kc7 41. Kg2 a5 42. f4 e4 43. h4 f5 44. h5 Kxc6 45. g4 Kd5 {
Black is easily winning but the game was drawn in mutual time pressure.}
1/2-1/2

[Event "Mechanics' Summer TNM; 30/90, SD/30"]
[Site "San Francisco"]
[Date "2012.05.22"]
[Round "1.14"]
[White "Ledford, Steven"]
[Black "Hilliard, Michael"]
[Result "1-0"]
[WhiteElo "1924"]
[BlackElo "1511"]
[PlyCount "75"]
[EventDate "2012.??.??"]

1. e4 c6 2. d4 d5 3. Nc3 dxe4 4. Nxe4 Nd7 5. Nf3 Ngf6 6. Ng3 Nb6 7. c4 Bg4 8.
Be3 e6 9. a3 Bd6 10. Bd3 O-O 11. h3 Bxf3 12. Qxf3 Bc7 13. Rd1 Qe7 14. O-O Rad8
15. Rfe1 Rd7 16. Bg5 Bxg3 17. Qxg3 Rfd8 18. Qh4 g6 19. Bxf6 Qf8 20. Bxd8 Rxd8
21. Be4 Nxc4 22. Qf6 Rd6 23. Rd3 e5 24. Qf3 exd4 25. Qe2 Ne5 26. Rb3 b6 27. f4
Nd7 28. Rg3 Re6 29. f5 Re5 30. fxg6 hxg6 31. Qc4 Qc5 32. Rxg6+ Kf8 33. Rxc6 Qe7
34. Rc8+ Kg7 35. Qxd4 Nc5 36. Bc2 f6 37. Rxe5 fxe5 38. Qg4+ 1-0